| 000 | 00546cam a22001694a 4500 | ||
|---|---|---|---|
| 020 | _a0201793873 | ||
| 040 | _cDLC | ||
| 082 | 0 | 0 | _a510 ADD 2003 A109 Or. |
| 100 | 1 | _aBennett, Jeffrey O. | |
| 245 | 1 | 0 |
_aEssentials of using and understanding mathematics : _ba quantitative reasoning approach / |
| 246 | 3 | 0 | _aUsing and understanding mathematics |
| 260 |
_aBoston : _bAddison Wesley, _cc2003. |
||
| 300 |
_a1 v. (various pagings) : _bill. (some col.), col. maps ; _c26 cm. |
||
| 650 | 0 | _aMathematics. | |
| 700 | 1 | _aBriggs, William L. | |
| 942 | _cEK | ||
| 999 |
_c16644 _d16644 |
||